000 02072nam0a22003971 4500
001 v19\rc\1318353
005 20260407065702.0
035 _a(NLR Aleph) 004551423
090 _a2147325
_c2147325
100 _a20060512e18261826|||y0rusy50 ca
101 0 _arus
102 _aRU
105 _ay z |||||
135 _acrcn 024anaba
200 1 _aИзвестие о книге: Opuscules archéographigues.. [Par. Th. Ausonioli. Археографические опыты. Соч. Ф. Авзониоли [псевд. И.А. Гульянова]
210 _aМосква
_cУнив. тип.
_d1826
215 _a12 с.
_d22
300 _aВ конце послесл. псевд. авт.: Д.; установлен по изд.: Масанов И.Ф. Словарь псевдонимов... М., 1956. Т. 1. С. 310
311 _aПерепеч. из журн. "Моск. телеграф". 1826, ч. 8, № 5
325 _aКопия доступна в Электрон. б-ке РНБ
488 0 _12001#$aМосковский телеграф$v1826, ч. 8, № 5
_tМосковский телеграф
604 _150010$aАрхеографические опыты
_1700#1$aГульянов$bИ.А.$f1789-1841$gИван Александрович$9z02790
_tАрхеографические опыты
_aГульянов, Иван Александрович (1789-1841)
700 1 _4070
_8rus
_7ca
_aВяземский
_bП. А.
_f1792-1878
_gПетр Андреевич
_3RU\NLR\auth\7716420
_9126060
790 0 _9z01700
_aД.
_f1792-1878
790 1 _9z02700
_aАвзониоли
_bФ.
_f1789-1841
801 0 _aRU
_bNLR
_gpsbo
801 0 _aRU
_bRuMoRGB
_2psbo
801 1 _aRU
_bProSoft-M
_2rusmarc
852 _aNLR
_j18.51.3.97
852 _aNLR
_bРЗФ
_j18 в. 5/244 (ал.8)
942 _cBOOK
980 _aNB
981 2 2 _a(22) Материалы по истории России
_b(22) Культура. Наука. Просвещение.